000 00505nam a2200181 a 4500
001 1511
003 CO-ViMGA
008 141112s2004 ck r 000 u spa d
040 _aCO-ViMGA
_bspa
_cCO-ViMGA
082 0 4 _a863.3 V421z
245 1 0 _aLa vida de Lazarillo de Tormes y de sus fortunas y adversidades
260 _aMadrid :
_bCastalia,
_c1975
300 _a185 p : il
490 _aClásicos castalia
650 1 4 _aLAZARILLO DE TORMES
_912381
650 1 4 _aNOVELA ESPAÑOLA
_9801
942 _2ddc
_cBK
999 _c13698
_d13698